Statistics for Miss America Titleholders Quiz

Click here to take the quiz!

General Stats

  • This quiz has been taken 70 times
  • The average score is 24 of 91

Answer Stats

Year CrownedWinnerState/District% Correct
1959Mary Ann MobleyMississippi
58%
1984 (A)Vanessa Lynn WilliamsNew York
58%
1996Shawntel SmithOklahoma
54%
1945Bess MyersonNew York
50%
2016Betty CantrellGeorgia
46%
1989Gretchen Elizabeth CarlsonMinnesota
46%
1995Heather WhitestoneAlabama
46%
1999Lauren Nicole JohnsonVirginia
46%
1955Lee MeriwetherCalifornia
46%
1937Bette CooperNew Jersey
42%
1969Judith Anne FordIllinois
42%
1972Laurie Lea SchaeferOhio
42%
1986Susan AkinMississippi
42%
1966Deborah Irene BryantKansas
38%
1964Donna AxumArkansas
38%
2003Erika HaroldIllinois
38%
2000Heather Renee FrenchKentucky
38%
1967Jane Anne JayroeOklahoma
38%
2002Katie HarmanOregon
38%
1994Kimberly Clarice AikenSouth Carolina
38%
1960Lynda Lee MeadMississippi
38%
2013Mallory HaganNew York
38%
1921Margaret GormanDistrict of Columbia
38%
2014Nina DavuluriNew York
38%
1981Susan Carol PowellOklahoma
38%
1978Susan PerkinsOhio
38%
1992Carolyn Suzanne SappHawaii
33%
1990Debbye TurnerMissouri
33%
1988Kaye Lani Rae RafkoMichigan
33%
1987Kellye CashTennessee
33%
2015Kira KazantsevNew York
33%
2012Laura Marie KaeppelerWisconsin
33%
2007Lauren NelsonOklahoma
33%
1922Mary CampbellOhio
33%
1923Mary CampbellOhio
33%
1971Phyllis Ann GeorgeTexas
33%
2017Savvy ShieldsArkansas
33%
2011Teresa ScanlanNebraska
33%
2010Caressa CameronVirginia
29%
1968Debra Dene BarnesKansas
29%
2004Ericka DunlapFlorida
29%
2009Katie StamIndiana
29%
1936Rose CoylePennsylvania
29%
1948BeBe ShoppMinnesota
25%
1980Cheryl PrewittMississippi
25%
2005Deidre DownsAlabama
25%
2006Jennifer BerryOklahoma
25%
2008Kirsten Iora HaglundMichigan
25%
1993Leanna CornettFlorida
25%
1984 (B)Suzette CharlesNew Jersey
25%
2001Angela Perez BaraquioHawaii
21%
1947Barbara Jo WalkerTennessee
21%
1998Katherine ShindleIllinois
21%
1962Maria FletcherNorth Carolina
21%
1933Marian BergeronConnecticut
21%
1991Marjorie Judith VincentIllinois
21%
1974Rebecca Ann KingColorado
21%
1997Tara Dawn HollandKansas
21%
1965Vonda Kay Van DykeArizona
21%
1977Dorothy Kathleen BenhamMinnesota
17%
1963Jacquelyn MayerOhio
17%
1943Jean BartelCalifornia
17%
1958Marilyn Van DerburColorado
17%
1939Patricia DonnellyMichigan
17%
1975Shirley CothranTexas
17%
1954Evelyn Margaret AyPennsylvania
13%
1940Frances Marie BurkePennsylvania
13%
1982Grace Elizabeth WardArkansas
13%
1949Jacque MercerArizona
13%
1942Jo-Carroll DennisonTexas
13%
1979Kylene BarkerVirginia
13%
1927Lois DelanderIllinois
13%
1946Marilyn BuferdCalifornia
13%
1938Marilyn MesekeOhio
13%
1961Nancy FlemingMichigan
13%
1970Pamela Anne EldredMichigan
13%
1956Sharon RitchieColorado
13%
1973Terry Anne MeeuwsenWisconsin
13%
1944Venus RameyDistrict of Columbia
13%
1951Yolande BetbezeAlabama
13%
1952Colleen Kay HutchinsUtah
8%
1983Debra MaffettCalifornia
8%
1925Fay LanphierCalifornia
8%
1957Marian McKnightSouth Carolina
8%
1953Neva Jane LangleyGeorgia
8%
1926Norma SmallwoodOklahoma
8%
1941Rosemary LaPlancheCalifornia
8%
1924Ruth MalcomsonPennsylvania
8%
1985Sharlene WellsUtah
8%
1976Tawny Elaine GodenNew York
8%
1935Henrietta LeaverPennsylvania
4%

Score Distribution

Percentile by Number Answered

Percent of People with Each Score

Your Score History

You have not taken this quiz